Регионална библиотека "Любен Каравелов" - Русе

Хората стават по-добри (Запис номер 114500)

MARC детайли
000 -Лидер
Контролно поле с фиксирана дължина 01178nam a2200301 c 4500
003 - Код на организацията, давaща контролен номер
Контролно поле BLK
005 - Дата и час на последна редакция
Контролно поле 20180420230959.0
008 - Елементи от данни с фиксирана дължина
fixed length control field 180409b bul|||||r ||||||| ||bul||
010 ## - Наследен системен номер
LC control number KNG00119931000
040 ## - Източник на каталожния запис
Идентификатор на билиотеката - собственик на записа BLK
041 ## - Код за език
Код за езика на текст/звукозапис или на отделно заглавие Български
Код за езика КДБФ Български
080 ## - УДК
Текстов определител УДК Шивашка промишленост. Козметика
УДК код - определител по УДК 687
УДК определител (497.2)
УДК - код + определител 687(497.2)
100 1# - Редна дума - Автор
Автор Донев, Русин
Авторска отговорност първи автор
R(LIN) 313289
139 ## - Редно поле
Редна дума Донев, Русин
Авторски знак Дон - Д 77
245 10 - Сведения за заглавието
Заглавие Хората стават по-добри
Подзаглавни данни Из живота на бригадите за ком. труд в шивашкото предприятие България - Пловдив
Редно поле (дума) Русин Донев.
257 ## - Страна на издаване
Страна на създаване/издаване България
260 ## - Област на издателските данни
-- София
Име на издателя, разпространителя и проч. БКП
Година на издаване 1968
300 ## - Физическа характеристика
Страници 68 с.
Илюстрации и др. с ил.
Размери/Мащаб 17 см
380 ## - Жанр
Жанр Техника
490 1# - СЕРИИ (Колекции)
Име на серия Партиен опит
490 1# - СЕРИИ (Колекции)
-- Подсерия
Име на серия Промишленост, строителство, транспорт
№: серия 1
650 #4 - Допълнително описание по предмет – тема
Основно описание – тема или топоним Шевна промишленост
9 (RLIN) 265942
852 ## - Местоположение
Форматна сигнатура Цб І 9943
856 4# - Електронен адрес и достъп
Електронен формат pdf - файл
Път до файла /url/
856 4# - Електронен адрес и достъп
Електронен формат pdf - файл
Път до файла /url/
942 ## - АРТИКУЛИ
Вид на библиотечния материал Книги
Скрит в OPAC Не
944 ## - СЪЗДАВАНЕ И РЕДАКЦИЯ на ЗАПИСА
Създаване/Редакция Създаване
Дата на регистрацията/редакция 20.10.2016
Служител, извършил регистрацията/редакцията Правда_Бадева
944 ## - СЪЗДАВАНЕ И РЕДАКЦИЯ на ЗАПИСА
Създаване/Редакция Редакция
Дата на регистрацията/редакция 20.10.2016
Служител, извършил регистрацията/редакцията Правда_Бадева
999 ## - СИСТЕМНИ КОНТРОЛНИ НОМЕРА
Koha biblionumber 114500
Koha biblioitemnumber 114500
Наличности
Код за отписване Код за изгубен артикул Източник на класификационната схема Код за повреда Коз за рестрикции Код за отдаване Артикулен № Име на библиотеката - собственик Име на библиотеката, в която се намира в момента Статус (Текущо местоположение) Дата на вписване в системата Местоположение - отдел Цена в лева Инвентарен номер Систематично азбучна сигнатура Баркод Номер на екземпляра Цена в евро Служебна бележка Служебен тип на артикула
  Не е изгубен Universal Decimal Classification Не е повреден само за читалня ползва се в читалня 183508 Регионална библиотека "Любен Каравелов" Русе Регионална библиотека "Любен Каравелов" Русе Хранилище 1968-01-01 Хранилище 0.16 9367/68 Цб І 9943 900000030300 1 0.08 N: стар фонд Дата: 01.01.1968 Книги
Изтеглен Не е изгубен Universal Decimal Classification Не е повреден без рестрикции заемане за дома 183509 Регионална библиотека "Любен Каравелов" Русе Регионална библиотека "Любен Каравелов" Русе Заемна - подръчен фонд 1968-01-01 Заемна - подръчен фонд 0.00 8430/68 П 687/Д 77 8430/68 2 0.00 N: стар фонд Дата: 01.01.1968 Книги
Изтеглен Не е изгубен   Не е повреден без рестрикции заемане за дома 183510 Регионална библиотека "Любен Каравелов" Русе Регионална библиотека "Любен Каравелов" Русе Заемна - подръчен фонд 1968-01-01 Заемна - подръчен фонд 0.00 15808/68 П 687/Д 77 15808/68 3 0.00 N: стар фонд Дата: 01.01.1968 Книги
Vip Innovations Ltd, Rousse, Bulgaria 2025